| 000 | 00561cam a22001931 4500 | ||
|---|---|---|---|
| 001 | ne 63001667 | ||
| 003 | DLC | ||
| 005 | 20260227111749.0 | ||
| 008 | 750929s1955 tu bc 000 0 tur | ||
| 010 | _ane 63001667 | ||
| 035 | _a(OCoLC)1661014 | ||
| 040 |
_aDLC _cOU _dOU _dDLC |
||
| 050 | 0 | 0 |
_aDK601 _b.C4 |
| 100 | 1 |
_aCebesoy, Ali Fuat, _d1883- |
|
| 245 | 1 | 0 | _aMoskova hâtıraları (21/11/1920-2/6/1922) |
| 260 |
_aİstanbul, _b"Vatan Neşriyatı, _c1955. |
||
| 300 |
_a348, ix p. _bport., maps. _c21 cm. |
||
| 651 | 0 |
_aMoscow (Russia) _xDescription and travel. |
|
| 999 |
_c46186 _d46186 |
||